000 00373nam a2200157Ia 4500
003 Ost
005 20260225132547.0
008 260225s9999||||xx |||||||||||||| ||und||
040 _cfsic
041 _afre
082 _a440
100 _aMohammed Abd El Allali Draz
_eAuteur
245 0 _aInitiation au coran /
245 0 _cMohammed Abd El Allali Draz
942 _cكتاب
999 _c33890
_d33890